German: Fruits and Vegetables Quiz Stats

Quiz Updated Jun 29, 2015

Challenge
Share
Tweet
Embed
Score 0/30 Timer 07:00
2 Plays Today
Fruit/Veggie in German English Translation % Correct
der ApfelApple
99.7%
der GrapefruitGrapefruit
91.7%
die BananeBanana
89.8%
der WassermeloneWatermelon
88.8%
die Apfelsine OR die OrangeOrange
88.2%
die TomateTomato
87.4%
die MeloneMelon or Cantaloupe
87%
die BrokkoliBroccoli
85.4%
die KarotteCarrot
85.2%
der SalatSalad or Lettuce
83.5%
der SpinatSpinach
82.9%
die LimetteLime
82%
die ZitroneLemon
74.9%
der MaisCorn
73.6%
die AnanasPineapple
65.9%
Fruit/Veggie in German English Translation % Correct
die KartoffelPotato
61.4%
die ErdbeereStrawberry
59.5%
die KirscheCherry
56%
die Traube OR die WeintraubeGrape
53.8%
der BlumenkohlCauliflower
50.6%
die PflaumePlum
50.5%
der KohlCabbage
44.1%
die ZwiebelOnion
41.9%
die HeidelbeereBlueberry
41.3%
der SpargelAsparagus
40.6%
die BirnePear
40.2%
der GranatapfelPomegranate
39.1%
der PfirsischPeach
38.4%
die BohneBean
35.5%
die ErbsePea
29.8%

You're not logged in!

Compare scores with friends on all Sporcle quizzes.
Join for Free
OR
Log In

You Might Also Like...

Show Comments

Extras

Top Quizzes Today


Score Distribution

Your Account Isn't Verified!

In order to create a playlist on Sporcle, you need to verify the email address you used during registration. Go to your Sporcle Settings to finish the process.

Report this User

Report this user for behavior that violates our Community Guidelines.

Details: